Представление документа в формате MARC21

Поле Инд. ПП Название Значение
Тип записи a
Библиографический уровень m
001 _ Контрольный номер RU/URAIT/469968
005 _ Дата корректировки 20250915104102.0
008 Кодируемые данные 160721s2021 RU y f j 000 0 rus u
020 a ISBN 978-5-534-01552-2
c Цена, тираж 529.00
040 a Служба первич. каталог. ИКО Юрайт
c Служба, преобразующая запись ИКО Юрайт
e Правила каталог. RCR
041 a Код языка текста rus
044 a Код страны публикации RU
080 a Индекс УДК 517.9(075.8)
084 2 Источник индекса rubbk
a Индекс другой классификации/Индекс ББК 22.1я73
100 1_ a Автор Привалов Иван Иванович
q Полное имя Иван Иванович
245 a Заглавие Интегральные уравнения
b Продолж. заглавия Учебник для вузов
c Ответственность Привалов И. И.
250 a Основные сведения об издании 4-е изд.
256 a Характеристики компьютерного файла Электрон. дан.
260 a Место издания Москва
b Издательство Юрайт
c Дата издания 2021
300 a Объем 253 с
440 a Серия Высшее образование
500 a Примечание URL: https://urait.ru/bcode/469968 (дата обращения: 23.11.2021).
520 a Аннотация Настоящая книга представляет собой систематический курс теории интегральных уравнений, в котором особое внимание уделено теории и подробно развиты применения к краевым задачам математической физики. Этот курс будет полезным руководством для физико-математических факультетов университетов, а также желающих познакомиться с теорией интегральных уравнений.
538 a Прим. о системных особенностях Режим доступа: Электронно-библиотечная система Юрайт, для авториз. пользователей
653 a Ключевые слова Математический анализ
653 a Ключевые слова Математика, статистика и механика.
653 a Ключевые слова Дифференциальные и интегральные уравнения
653 a Ключевые слова Интегральные уравнения
653 a Ключевые слова Дифференциальное и интегральное исчисление
856 40 u URL https://urait.ru/bcode/469968
x Примечание для ЭОР https://urait.ru/book/cover/8F8FA950-944C-4440-B3DF-087F7AD2A273
z Примечание для пользователя Участвует в КО
856 41 u URL https://urait.ru/book/cover/8F8FA950-944C-4440-B3DF-087F7AD2A273